[Event "Bay Area International"]
[Site "?"]
[Date "2019.01.03"]
[Round "4"]
[White "Nagarajan, Pranav"]
[Black "Marek, Matyas"]
[Result "1/2-1/2"]
[WhiteElo "2206"]
[BlackElo "2358"]
[PlyCount "63"]
[EventDate "2019.??.??"]
[SourceVersionDate "2019.01.03"]

1. c4 e5 2. Nc3 Nf6 3. Nf3 Nc6 4. e3 Bb4 5. Qc2 O-O 6. Nd5 Bc5 7. a3 a5 8. Ng5
g6 9. Nxf6+ Qxf6 10. Ne4 Qe7 11. b3 Ba7 12. Bb2 d6 13. h4 Be6 14. Nc3 Bf5 15.
Ne4 Rad8 16. f3 Bxe4 17. Qxe4 f5 18. Qd5+ Qf7 19. h5 Qxd5 20. cxd5 Ne7 21. hxg6
hxg6 22. Rc1 Bb6 23. f4 Nxd5 24. Bc4 c6 25. Bxd5+ cxd5 26. fxe5 Rfe8 27. e6 d4
28. Bxd4 Bxd4 29. exd4 Rxe6+ 30. Kd1 Rd7 31. Rc8+ Kg7 32. Ra8 1/2-1/2

[Event "Bay Area International"]
[Site "?"]
[Date "2019.01.03"]
[Round "4"]
[White "O'Connor, Derek"]
[Black "Harazinska, Ewa"]
[Result "1/2-1/2"]
[WhiteElo "2275"]
[BlackElo "2222"]
[PlyCount "99"]
[EventDate "2019.??.??"]
[SourceVersionDate "2019.01.04"]

1. d4 Nf6 2. c4 e6 3. Nc3 Bb4 4. Qc2 O-O 5. Nf3 c5 6. dxc5 Na6 7. g3 Nxc5 8.
Bg2 Nce4 9. O-O Nxc3 10. bxc3 Be7 11. e4 d6 12. e5 dxe5 13. Nxe5 Qc7 14. Qe2
Bd6 15. Re1 Nd7 16. Bf4 Nxe5 17. Bxe5 Rb8 18. Rab1 b6 19. Bxd6 Qxd6 20. Qe5
Qxe5 21. Rxe5 Bd7 22. Rd1 Rfd8 23. c5 f6 24. cxb6 axb6 25. Ree1 Bb5 26. Rb1 Bc4
27. a4 Kf7 28. Rb4 Rdc8 29. Re3 Rc5 30. f4 Bd5 31. Bf1 Ra8 32. Kf2 Bc6 33. Bc4
Bd7 34. Bb3 Ra6 35. g4 g6 36. Ke2 b5 37. axb5 Bxb5+ 38. Kd2 Rd6+ 39. Rd4 Rb6
40. Kc2 Ke7 41. Rb4 Rbc6 42. Kb2 h5 43. h3 hxg4 44. hxg4 Bc4 45. Rh3 Bxb3 46.
Kxb3 e5 47. f5 gxf5 48. gxf5 Kd6 49. Rg4 e4 50. Rxe4 1/2-1/2

[Event "Bay Area International"]
[Site "?"]
[Date "2019.01.03"]
[Round "4"]
[White "Quesada, Yuniesky"]
[Black "Hilby, Craig"]
[Result "1-0"]
[WhiteElo "2642"]
[BlackElo "2445"]
[PlyCount "61"]
[EventDate "2019.??.??"]
[SourceVersionDate "2019.01.04"]

1. e4 e5 2. Nf3 Nc6 3. Bb5 a6 4. Ba4 Nf6 5. O-O Be7 6. Re1 b5 7. Bb3 d6 8. c3
O-O 9. h3 Nb8 10. d4 Nbd7 11. Nbd2 c5 12. Nf1 Re8 13. Ng3 Bf8 14. Bc2 cxd4 15.
cxd4 exd4 16. Bf4 d3 17. Qxd3 Nc5 18. Qd2 Bb7 19. Bg5 h6 20. Bh4 Ne6 21. Nf5 g5
22. Bg3 Nc5 23. Nxg5 hxg5 24. Qxg5+ Kh8 25. Nh6 Qe7 26. e5 Ne6 27. Qh4 Nh7 28.
Qh5 Neg5 29. Ng4 dxe5 30. Rxe5 Qc7 31. Bxh7 1-0

[Event "Bay Area International"]
[Site "?"]
[Date "2019.01.03"]
[Round "4"]
[White "Prohaszka, Peter"]
[Black "Yoo, Christopher"]
[Result "0-1"]
[WhiteElo "2613"]
[BlackElo "2388"]
[PlyCount "100"]
[EventDate "2019.??.??"]
[SourceVersionDate "2019.01.04"]

1. Nf3 Nf6 2. g3 g6 3. b3 Bg7 4. Bb2 O-O 5. Bg2 d5 6. c4 Nc6 7. cxd5 Nxd5 8.
Bxg7 Kxg7 9. O-O e5 10. d4 exd4 11. Nxd4 Qf6 12. Nxc6 Qxa1 13. Qxd5 bxc6 14.
Qxc6 Bf5 15. Nc3 Qb2 16. h3 h5 17. Nd5 Rae8 18. Nf4 Qe5 19. Rc1 Re7 20. e3 Rd8
21. Rc5 Qb2 22. Kh2 Rd6 23. Qa8 Qxf2 24. Rxf5 gxf5 25. Nxh5+ Kg6 26. Qh8 f6 27.
Nf4+ Kf7 28. Qh5+ Kg8 29. Qg6+ Kf8 30. Qxf5 Ke8 31. Qg6+ Kd8 32. e4 c6 33. h4
Qxa2 34. Qg8+ Kc7 35. Qc4 Kd8 36. Qb4 Kc7 37. Qc4 Kc8 38. Qb4 Qd2 39. Qc5 Qd4
40. Qf5+ Kb7 41. Ng6 Rg7 42. h5 Qe3 43. b4 Qg5 44. Qh3 Rh7 45. Nf4 Rd1 46. Bf3
Rd2+ 47. Bg2 Rb2 48. Kg1 Rxb4 49. Bf3 Rb2 50. Kh1 Qc5 0-1

[Event "Bay Area International"]
[Site "?"]
[Date "2019.01.03"]
[Round "4"]
[White "Ramirez, Alejandro"]
[Black "Xiong, Jeffery"]
[Result "1/2-1/2"]
[WhiteElo "2567"]
[BlackElo "2672"]
[PlyCount "43"]
[EventDate "2019.??.??"]
[SourceVersionDate "2019.01.03"]

1. d4 Nf6 2. c4 g6 3. g3 c6 4. Bg2 d5 5. cxd5 cxd5 6. Nf3 Bg7 7. O-O O-O 8. Nc3
b6 9. Bf4 Bb7 10. Rc1 Nc6 11. Ne5 Rc8 12. Qa4 a6 13. Nxc6 Rxc6 14. Qb3 e6 15.
Na4 Nd7 16. Rxc6 Bxc6 17. Rc1 Bb5 18. Nc3 Bc6 19. Na4 Bb5 20. Nc3 Bc6 21. Na4
Bb5 22. Nc3 1/2-1/2

[Event "Bay Area International"]
[Site "?"]
[Date "2019.01.03"]
[Round "4"]
[White "Ringoir, Tanguy"]
[Black "Gabuzyan, Hovhannes"]
[Result "0-1"]
[WhiteElo "2516"]
[BlackElo "2605"]
[PlyCount "78"]
[EventDate "2019.??.??"]
[SourceVersionDate "2019.01.03"]

1. d4 Nf6 2. c4 g6 3. Nc3 Bg7 4. e4 d6 5. Bd3 O-O 6. Nge2 Nbd7 7. Ng3 e5 8. d5
h5 9. Bg5 a5 10. O-O c6 11. a3 Nc5 12. Bc2 cxd5 13. cxd5 Bd7 14. Kh1 Qb6 15.
Rb1 a4 16. f3 Rfc8 17. Be3 Qa5 18. Nge2 Be8 19. Nc1 Nfd7 20. Nd3 Nxd3 21. Qxd3
Nb6 22. Bd2 Nc4 23. Be1 Qb6 24. Qe2 Qe3 25. Bd3 Qxe2 26. Nxe2 Bh6 27. Bb4 Nd2
28. Bxd6 f6 29. Bb4 Nxb1 30. Rxb1 Bf8 31. Bxf8 Kxf8 32. Kg1 b5 33. Nc1 b4 34.
axb4 Rab8 35. Na2 Bb5 36. Bxb5 Rxb5 37. Kf2 Rc2+ 38. Ke3 Rxg2 39. Kd3 Rb8 0-1

[Event "Bay Area International"]
[Site "?"]
[Date "2019.01.03"]
[Round "4"]
[White "Ruiz, Joshua"]
[Black "Coleman, Teddy"]
[Result "1-0"]
[WhiteElo "2459"]
[BlackElo "2352"]
[PlyCount "143"]
[EventDate "2019.??.??"]
[SourceVersionDate "2019.01.04"]

1. Nf3 d5 2. g3 Nf6 3. Bg2 e6 4. O-O Be7 5. c4 O-O 6. b3 c5 7. e3 Nc6 8. Bb2 d4
9. exd4 cxd4 10. d3 Re8 11. Re1 Bc5 12. Na3 e5 13. Nc2 Qd6 14. a3 a5 15. Ng5
Bf5 16. Ne4 Nxe4 17. dxe4 Be6 18. Qd3 Rec8 19. Bc1 Qe7 20. f4 f6 21. f5 Bf7 22.
g4 a4 23. b4 Ba7 24. Bd2 Nd8 25. c5 b6 26. cxb6 Bxb6 27. Rec1 Bc4 28. Qg3 Nf7
29. h4 h6 30. Ne1 Ba6 31. Nd3 Bb7 32. Bf3 Nd6 33. Qg2 Nc4 34. Kh2 Ne3 35. Qg3
Rxc1 36. Rxc1 Rc8 37. Qg1 Nc4 38. Qd1 Ba6 39. Be2 Bb7 40. Nf2 Nxd2 41. Rxc8+
Bxc8 42. Qxd2 Qc7 43. Qa2+ Kf8 44. Qc4 Qxc4 45. Bxc4 d3 46. Nxd3 Bb7 47. Bd5
Ba6 48. Nc5 Bxc5 49. bxc5 Bd3 50. Kg3 Be2 51. Bc6 Bd1 52. Kf2 Ke7 53. Ke1 Bf3
54. Kd2 Kd8 55. Bxa4 Bxe4 56. Bc2 Bf3 57. Ke3 Bg2 58. Be4 Bf1 59. a4 Kc7 60. a5
Kb8 61. Kd2 Ka7 62. Kc3 Be2 63. c6 Kb8 64. Kb4 Kc7 65. Kc5 Bf1 66. Kd5 Bb5 67.
Kc5 Bf1 68. Bc2 Ba6 69. Ba4 e4 70. Kd4 Bd3 71. Bb3 Kxc6 72. Bd5+ 1-0

[Event "Bay Area International"]
[Site "?"]
[Date "2019.01.03"]
[Round "4"]
[White "Saidy, Anthony"]
[Black "Kung, Thomas"]
[Result "1/2-1/2"]
[WhiteElo "2309"]
[BlackElo "2133"]
[PlyCount "120"]
[EventDate "2019.??.??"]
[SourceVersionDate "2019.01.04"]

1. d4 d5 2. c4 c6 3. e3 Nf6 4. Nc3 e6 5. b3 c5 6. cxd5 Nxd5 7. Nxd5 Qxd5 8. Nf3
Nc6 9. Bc4 Qd8 10. d5 exd5 11. Bxd5 Be7 12. Bxc6+ bxc6 13. Qxd8+ Bxd8 14. Ba3
Ba5+ 15. Kd1 Bg4 16. Ke2 O-O-O 17. Rhc1 Bf5 18. Kf1 c4 19. bxc4 Bd2 20. Nxd2
Rxd2 21. Ke1 Rhd8 22. Bc5 R2d7 23. Bd4 f6 24. a4 Kb7 25. Ra2 Ka6 26. Rb2 Rb7
27. Rxb7 Kxb7 28. Rc3 Be6 29. Rb3+ Ka6 30. Rb4 c5 31. Bxc5 Rc8 32. Be7 Rxc4 33.
Rxc4 Bxc4 34. Bd8 Bb3 35. a5 Kb7 36. e4 Kc6 37. Ke2 Kd7 38. Bb6 axb6 39. axb6
Kc6 40. Ke3 Kxb6 41. e5 fxe5 42. Ke4 Kc6 43. Kxe5 Kd7 44. f4 Ke7 45. g4 Kf7 46.
f5 h6 47. h4 Bd1 48. Kf4 h5 49. g5 Ke7 50. Ke5 Bg4 51. Ke4 Kd6 52. Kf4 Kd5 53.
g6 Kd4 54. Kg5 Ke5 55. f6 gxf6+ 56. Kh6 Be6 57. Kxh5 Ke4 58. Kh6 f5 59. h5 f4
60. Kg7 f3 1/2-1/2

[Event "Bay Area International"]
[Site "?"]
[Date "2019.01.03"]
[Round "4"]
[White "Sathiaram, Sarvadh"]
[Black "Shen, Christopher"]
[Result "0-1"]
[WhiteElo "2046"]
[BlackElo "2311"]
[PlyCount "108"]
[EventDate "2019.??.??"]
[SourceVersionDate "2019.01.04"]

1. e4 e6 2. d4 d5 3. Nc3 Bb4 4. Nge2 dxe4 5. a3 Be7 6. Nxe4 Nf6 7. N2g3 Nbd7 8.
Bd3 O-O 9. c3 c5 10. dxc5 Nxe4 11. Bxe4 Nxc5 12. Bc2 Qxd1+ 13. Kxd1 Rd8+ 14.
Ke2 Bd7 15. c4 Ba4 16. Bxa4 Nxa4 17. Rd1 Rxd1 18. Kxd1 Rc8 19. Kc2 Rxc4+ 20.
Kb3 Nb6 21. Be3 Rc6 22. Rd1 a6 23. Ne4 Nd5 24. Bd4 f6 25. Nc3 Nb6 26. Na4 Nxa4
27. Kxa4 Rd6 28. Rd2 Kf7 29. Be3 Rxd2 30. Bxd2 Ke8 31. b4 Kd7 32. Bc1 Kc6 33.
Kb3 b5 34. a4 Kd5 35. axb5 axb5 36. Kc3 e5 37. Bd2 f5 38. f3 e4 39. fxe4+ fxe4
40. Be3 Bf6+ 41. Kd2 Kc4 42. Bf4 Kxb4 43. Ke3 Kc4 44. Kxe4 b4 45. Bd6 b3 46.
Ba3 b2 47. Bxb2 Bxb2 48. g4 Bf6 49. Kf5 Kd5 50. g5 Be7 51. h4 g6+ 52. Kf4 Bd6+
53. Kg4 Ke4 54. h5 Be5 0-1

[Event "Bay Area International"]
[Site "?"]
[Date "2019.01.03"]
[Round "4"]
[White "Shetty, Atulya"]
[Black "Brown, Michael"]
[Result "1/2-1/2"]
[WhiteElo "2401"]
[BlackElo "2524"]
[PlyCount "69"]
[EventDate "2019.??.??"]
[SourceVersionDate "2019.01.04"]

1. c4 e5 2. g3 Nf6 3. Bg2 c6 4. d4 exd4 5. Qxd4 Na6 6. Nf3 Bc5 7. Qe5+ Be7 8.
O-O O-O 9. Nc3 Re8 10. Qd4 Bc5 11. Qd3 d5 12. cxd5 Nxd5 13. Nxd5 Qxd5 14. Qxd5
cxd5 15. e3 Bf5 16. Bd2 Rac8 17. Bc3 Be4 18. Rfd1 Nb4 19. Rd2 Nc2 20. Rad1 Nxe3
21. fxe3 Bxe3+ 22. Kf1 Bxd2 23. Rxd2 f6 24. Nd4 Rcd8 25. Kf2 Rd7 26. Bh3 f5 27.
Bf1 a6 28. Nf3 h6 29. h4 g6 30. Ne5 Rd6 31. Nc4 Rd7 32. Ne5 Rd6 33. Nc4 Rd7 34.
Ne3 Kf7 35. Nc4 1/2-1/2

[Event "Bay Area International"]
[Site "?"]
[Date "2019.01.03"]
[Round "4"]
[White "Somalwar, Anaiy"]
[Black "Mackenzie, Dana"]
[Result "1-0"]
[WhiteElo "2069"]
[BlackElo "2012"]
[PlyCount "79"]
[EventDate "2019.??.??"]
[SourceVersionDate "2019.01.04"]

1. d4 Nf6 2. c4 d5 3. cxd5 Nxd5 4. e4 Nf6 5. Nc3 e5 6. d5 Bc5 7. Be2 O-O 8. Nf3
Nbd7 9. O-O Re8 10. a3 Nf8 11. b4 Bb6 12. Qc2 Bd7 13. Bb5 Bxb5 14. Nxb5 c6 15.
dxc6 Rc8 16. c7 Qe7 17. Qd3 Bxc7 18. Nxa7 Rcd8 19. Qe2 Ne6 20. Nb5 Bb6 21. Bg5
Nf4 22. Bxf4 exf4 23. e5 Ng4 24. Rae1 Qe6 25. h3 Nf6 26. Qc2 Nd5 27. Nd6 Re7
28. Qd2 Ne3 29. fxe3 Bxe3+ 30. Rxe3 fxe3 31. Qc2 f6 32. Nf5 Red7 33. Nxe3 Rd3
34. Nc4 b5 35. Na5 Rxa3 36. Nc6 Rdd3 37. Ncd4 Qc4 38. Qxc4+ bxc4 39. e6 Kf8 40.
b5 1-0

[Event "Bay Area International"]
[Site "?"]
[Date "2019.01.03"]
[Round "4"]
[White "Stearman, Josiah"]
[Black "Arne, Mike"]
[Result "1-0"]
[WhiteElo "2298"]
[BlackElo "2124"]
[PlyCount "63"]
[EventDate "2019.??.??"]
[SourceVersionDate "2019.01.03"]

1. e4 c5 2. Nc3 Nc6 3. g3 g6 4. Bg2 Bg7 5. d3 d6 6. Be3 e6 7. Qd2 b6 8. Nge2
Bb7 9. f4 Qd7 10. O-O Nge7 11. d4 O-O-O 12. Rad1 cxd4 13. Nxd4 Nxd4 14. Bxd4
Bxd4+ 15. Qxd4 f5 16. Rfe1 Rhe8 17. a4 Kb8 18. Nb5 Nc8 19. e5 Bxg2 20. Kxg2
Qc6+ 21. Kg1 d5 22. Qf2 Qc5 23. Nd4 a6 24. Re3 Na7 25. a5 Nb5 26. Nxb5 axb5 27.
b4 Qxb4 28. Rb3 Qc5 29. Rdb1 Qxf2+ 30. Kxf2 bxa5 31. Rxb5+ Kc7 32. Rc5+ 1-0

[Event "Bay Area International"]
[Site "?"]
[Date "2019.01.03"]
[Round "4"]
[White "Stukopin, Andrey"]
[Black "Sevian, Samuel"]
[Result "1/2-1/2"]
[WhiteElo "2565"]
[BlackElo "2647"]
[PlyCount "63"]
[EventDate "2019.??.??"]
[SourceVersionDate "2019.01.03"]

1. e4 e5 2. Nf3 Nc6 3. Nc3 Nf6 4. Bb5 Bb4 5. O-O O-O 6. d3 d6 7. Ne2 Ne7 8. c3
Ba5 9. Ng3 c6 10. Ba4 Ng6 11. d4 Re8 12. Bc2 d5 13. Bg5 exd4 14. Qxd4 Bb6 15.
Bxf6 Qd6 16. Qd3 Qxf6 17. exd5 Bg4 18. Nd4 cxd5 19. Rae1 Bd7 20. Ngf5 Rxe1 21.
Rxe1 Re8 22. Rxe8+ Bxe8 23. Ne3 Bc6 24. g3 Nf8 25. b4 a6 26. a4 Bxd4 27. cxd4
Qd6 28. b5 axb5 29. axb5 Bd7 30. Bb3 Be6 31. f4 g6 32. Qc3 1/2-1/2

[Event "Bay Area International"]
[Site "?"]
[Date "2019.01.03"]
[Round "4"]
[White "Swiercz, Dariusz"]
[Black "Cordova, Emilio"]
[Result "1/2-1/2"]
[WhiteElo "2649"]
[BlackElo "2597"]
[PlyCount "47"]
[EventDate "2019.??.??"]
[SourceVersionDate "2019.01.03"]

1. d4 Nf6 2. c4 e6 3. Nf3 b6 4. g3 Ba6 5. b3 Bb7 6. Bg2 Bb4+ 7. Bd2 a5 8. O-O
O-O 9. Nc3 Re8 10. Rc1 h6 11. Qc2 d6 12. Rfe1 Bxc3 13. Bxc3 Be4 14. Qb2 c6 15.
Bf1 b5 16. c5 Bxf3 17. exf3 Nd5 18. Bd2 a4 19. b4 a3 20. Qb1 Ra4 21. Be2 dxc5
22. dxc5 Na6 23. Bd1 Ndxb4 24. Bc3 1/2-1/2

[Event "Bay Area International"]
[Site "?"]
[Date "2019.01.03"]
[Round "4"]
[White "Talyansky, Seth"]
[Black "Chambers, Ezra"]
[Result "0-1"]
[WhiteElo "2201"]
[BlackElo "2360"]
[PlyCount "48"]
[EventDate "2019.??.??"]
[SourceVersionDate "2019.01.03"]

1. e4 Nc6 2. d4 d6 3. Nf3 Nf6 4. Nc3 g6 5. Be2 Bg7 6. O-O O-O 7. d5 Nb8 8. h3
c6 9. Be3 b6 10. Qd2 Bb7 11. Rad1 Nbd7 12. Bd4 Nc5 13. Bxc5 bxc5 14. dxc6 Bxc6
15. e5 Ne8 16. b3 Rc8 17. Nb5 Qb6 18. exd6 exd6 19. a4 d5 20. c4 Nf6 21. cxd5
Bxd5 22. b4 cxb4 23. Qxb4 a6 24. Qd4 Qe6 0-1

[Event "Bay Area International"]
[Site "?"]
[Date "2019.01.03"]
[Round "4"]
[White "Virtanen, Teemu"]
[Black "Costello, Alex"]
[Result "1/2-1/2"]
[WhiteElo "2326"]
[BlackElo "2231"]
[PlyCount "94"]
[EventDate "2019.??.??"]
[SourceVersionDate "2019.01.04"]

1. c4 Nf6 2. g3 d5 3. cxd5 Nxd5 4. Bg2 g6 5. Qb3 e6 6. Nc3 Nb6 7. h4 Bg7 8. h5
Nc6 9. Nf3 e5 10. d3 Bg4 11. Bg5 f6 12. hxg6 hxg6 13. Rxh8+ Bxh8 14. Bh6 Ne7
15. O-O-O c6 16. d4 Bxf3 17. Bxf3 exd4 18. e3 f5 19. Ne2 Qd6 20. Nxd4 Bxd4 21.
Rxd4 Qc5+ 22. Kb1 Rd8 23. Bg7 Rxd4 24. Bxd4 Qa5 25. Bc3 Qa6 26. Qd1 Nbd5 27.
Bd4 Qc4 28. a3 Nb6 29. Qc2 Qb5 30. e4 Nc4 31. Ka2 Nb6 32. Be2 Qa5 33. Bd3 fxe4
34. Bxe4 Qg5 35. Qd3 Qg4 36. Ka1 Nbc8 37. Be5 Nb6 38. Qd4 Qe6 39. Bb8 Nd7 40.
Bxa7 c5 41. Qa4 b5 42. Qc2 Qd6 43. Bf3 Qc7 44. Be2 Qxa7 45. Bxb5 Qb6 46. Qd3
Qe6 47. Qc3 Qd6 1/2-1/2

[Event "Bay Area International"]
[Site "?"]
[Date "2019.01.03"]
[Round "4"]
[White "Wang, Justin"]
[Black "Peng, Shunkai"]
[Result "1-0"]
[WhiteElo "2419"]
[BlackElo "2285"]
[PlyCount "97"]
[EventDate "2019.??.??"]
[SourceVersionDate "2019.01.04"]

1. e4 c6 2. d4 d5 3. e5 Bf5 4. Nf3 e6 5. Be2 Ne7 6. O-O c5 7. dxc5 Nec6 8. a3
a5 9. Be3 Nd7 10. c4 dxc4 11. Nbd2 c3 12. bxc3 Bxc5 13. Nc4 O-O 14. Nd4 Be4 15.
Nd6 Nxd4 16. Bxd4 Bc6 17. Qd2 Qc7 18. Qg5 h6 19. Qg3 Bxd4 20. cxd4 Nb6 21. Rac1
Qd7 22. Bf3 Nc8 23. Bxc6 bxc6 24. Ne4 Kh8 25. Rfd1 Qd5 26. Qf4 Ne7 27. Nd6 Kg8
28. Qh4 Nf5 29. Nxf5 exf5 30. Qh3 Qe6 31. Qc3 Rfc8 32. Qc5 a4 33. Rc4 Ra5 34.
Qb4 Rca8 35. Qc3 R5a6 36. Rb1 Qd5 37. Rc5 Qe6 38. h3 g6 39. Rb4 Kg7 40. Qc2 h5
41. h4 f4 42. Qe4 Qg4 43. Rb7 R6a7 44. Rxa7 Rxa7 45. Rxc6 Rd7 46. e6 Qd1+ 47.
Kh2 Qxd4 48. exd7 Qxe4 49. Rd6 1-0

[Event "Bay Area International"]
[Site "?"]
[Date "2019.01.03"]
[Round "4"]
[White "Wang, Kevin"]
[Black "Kretchetov, Alexandre"]
[Result "1-0"]
[WhiteElo "2450"]
[BlackElo "2241"]
[PlyCount "129"]
[EventDate "2019.??.??"]
[SourceVersionDate "2019.01.04"]

1. d4 d5 2. c4 c6 3. Nc3 Nf6 4. e3 g6 5. Nf3 Bg7 6. Be2 O-O 7. O-O e6 8. b4
Nbd7 9. Qb3 Nb6 10. a4 Nxc4 11. Bxc4 dxc4 12. Qxc4 Nd5 13. Bd2 Nxc3 14. Bxc3
Qd5 15. Qe2 f6 16. e4 Qh5 17. Qc4 Bd7 18. Rfd1 Kh8 19. Qc5 g5 20. Nd2 Rfd8 21.
Bb2 Bf8 22. Qc3 Bg7 23. Nc4 Be8 24. Re1 b5 25. axb5 cxb5 26. Ne3 Qg6 27. Qd3
Bc6 28. f3 a6 29. Rec1 Bb7 30. Rc7 Rab8 31. Qb3 Qe8 32. d5 exd5 33. exd5 Rd7
34. Rxd7 Qxd7 35. Rd1 Rd8 36. Qd3 Qd6 37. Bc3 Rd7 38. Kh1 Rd8 39. Qe4 Bc8 40.
Kg1 Bd7 41. Nf5 Bxf5 42. Qxf5 Kg8 43. Be1 Qd7 44. Qd3 Bf8 45. Qd4 Qf5 46. Bg3
Rd7 47. d6 Kg7 48. Qc5 Kg6 49. Qc8 Kg7 50. Qxa6 Qc2 51. Qa1 h5 52. Rc1 Qf5 53.
Rc5 Qd3 54. Rc7 Rxc7 55. dxc7 Qc2 56. h4 gxh4 57. Bf4 h3 58. gxh3 Bxb4 59. Kh1
Qf5 60. Qc1 Bc5 61. Kg2 Kf7 62. Bd6 Qg6+ 63. Kh1 Qf5 64. Qxc5 Qxf3+ 65. Kh2 1-0

[Event "Bay Area International"]
[Site "?"]
[Date "2019.01.03"]
[Round "4"]
[White "Watson, John"]
[Black "Grabinsky, Aaron"]
[Result "0-1"]
[WhiteElo "2203"]
[BlackElo "2350"]
[PlyCount "80"]
[EventDate "2019.??.??"]
[SourceVersionDate "2019.01.04"]

1. c4 e5 2. Nc3 Nc6 3. e3 Bc5 4. Nf3 d6 5. d4 Bb6 6. b4 exd4 7. exd4 a5 8. b5
Nce7 9. Be2 h6 10. Ba3 c6 11. c5 Bc7 12. Ne4 Nf5 13. bxc6 bxc6 14. Qa4 Nge7 15.
g4 d5 16. Nc3 O-O 17. gxf5 Bxf5 18. Bc1 Re8 19. Be3 Rb8 20. Rg1 Rb4 21. Qd1 Ng6
22. a3 Rb7 23. Bd3 Qf6 24. Bxf5 Qxf5 25. Rb1 Rxb1 26. Nxb1 Nf4 27. Nbd2 Qd3 28.
Ne5 Bxe5 29. dxe5 Ne6 30. Rg3 Qc3 31. Kf1 Qxe5 32. Nf3 Qf6 33. Bd4 Qf5 34. Qa1
Rb8 35. Nd2 g5 36. Re3 Qc2 37. Be5 d4 38. Re2 Rb2 39. Bxd4 Nxd4 40. Re8+ Kh7
0-1

[Event "Bay Area International"]
[Site "?"]
[Date "2019.01.03"]
[Round "4"]
[White "Wheeler, Cameron"]
[Black "Polgar-Shutzman, Tom"]
[Result "1/2-1/2"]
[WhiteElo "2417"]
[BlackElo "2181"]
[PlyCount "93"]
[EventDate "2019.??.??"]
[SourceVersionDate "2019.01.04"]

1. Nf3 Nf6 2. c4 e6 3. d4 d5 4. g3 Be7 5. Bg2 O-O 6. O-O dxc4 7. Qc2 a6 8. a4
Bd7 9. Nc3 Nc6 10. e4 Nb4 11. Qe2 b5 12. Ne5 Rb8 13. axb5 axb5 14. Rd1 c6 15.
g4 Be8 16. Bd2 Nc2 17. g5 Nxd4 18. Qe3 Nc2 19. Qh3 Nxa1 20. gxf6 Bxf6 21. Bf4
Qb6 22. Ng4 Bxc3 23. bxc3 f5 24. exf5 exf5 25. Qg3 fxg4 26. Bxb8 Nb3 27. Bc7
Qa7 28. Bf4 Qf7 29. Be3 Qf6 30. Qxg4 Qxc3 31. Qe6+ Bf7 32. Qxc6 Qc2 33. Re1 b4
34. Qb7 Qc3 35. Rd1 Na5 36. Qe7 Qf6 37. Qxb4 Nb3 38. Be4 Qh4 39. Bg2 Qg4 40.
Rd6 Qf5 41. h3 Qe5 42. Rd7 Rb8 43. Qe7 Qxe7 44. Rxe7 h6 45. Rc7 g5 46. Kh2 Rb5
47. Bf1 1/2-1/2

[Event "Bay Area International"]
[Site "?"]
[Date "2019.01.03"]
[Round "4"]
[White "Wu, Rochelle"]
[Black "Ampie, Mauro"]
[Result "0-1"]
[WhiteElo "2154"]
[BlackElo "2318"]
[PlyCount "112"]
[EventDate "2019.??.??"]
[SourceVersionDate "2019.01.04"]

1. d4 Nf6 2. c4 e6 3. Nc3 Bb4 4. Qc2 O-O 5. a3 Bxc3+ 6. Qxc3 b6 7. Bg5 Bb7 8.
e3 d6 9. Ne2 h6 10. Bh4 Nbd7 11. Qc2 c5 12. Rd1 Qe7 13. Nc3 cxd4 14. Rxd4 Ne5
15. Be2 Ng6 16. Bxf6 Qxf6 17. O-O Nh4 18. Rg4 h5 19. Rg3 Nf5 20. Rh3 Bxg2 21.
Ne4 Bxe4 22. Qxe4 Qg6+ 23. Qg2 Qxg2+ 24. Kxg2 g6 25. Bd3 Ne7 26. Rh4 Rfd8 27.
e4 Rac8 28. f4 f5 29. Re1 Kf7 30. b3 fxe4 31. Rxe4 d5 32. Re2 dxc4 33. Bxc4 Rc6
34. Rh3 Nf5 35. Bb5 Rc5 36. Bc4 Rc6 37. Bb5 Rc5 38. Bc4 Rd6 39. a4 Kf6 40. Kf2
Rcc6 41. Ke1 Rd4 42. Rf2 Rcd6 43. Kf1 Rd1+ 44. Kg2 R1d2 45. Rxd2 Rxd2+ 46. Kg1
Ne7 47. Re3 Nd5 48. Re4 Kf5 49. Re5+ Kf6 50. Re4 Rb2 51. Kh1 Kf5 52. Re5+ Kxf4
53. Rxe6 Ne3 54. Kg1 Rg2+ 55. Kh1 Rc2 56. Kg1 Nxc4 0-1

[Event "Bay Area International"]
[Site "?"]
[Date "2019.01.03"]
[Round "4"]
[White "Ynojosa, Felix"]
[Black "Ostrovskiy, Aleksandr"]
[Result "1-0"]
[WhiteElo "2368"]
[BlackElo "2439"]
[PlyCount "89"]
[EventDate "2019.??.??"]
[SourceVersionDate "2019.01.04"]

1. c4 e5 2. Nc3 Nc6 3. Nf3 Nf6 4. e4 Bc5 5. Nxe5 Nxe5 6. d4 Bb4 7. dxe5 Nxe4 8.
Qd4 Nxc3 9. bxc3 Be7 10. Qg4 Kf8 11. Be2 d6 12. Qe4 dxe5 13. Qxe5 Bd6 14. Qd4
c5 15. Qd3 Qf6 16. Be3 Bf5 17. Qd2 Be7 18. Bf3 Rd8 19. Qb2 b6 20. O-O g5 21.
Bd5 Kg7 22. a4 a5 23. h3 h5 24. f3 Rde8 25. Qd2 h4 26. f4 g4 27. hxg4 Bxg4 28.
f5 Rhg8 29. Bf4 Kh7 30. Rae1 Bd8 31. Re3 Rxe3 32. Qxe3 Bh5 33. Kh2 Qg7 34. Be5
Bf6 35. Bc7 Qg5 36. Qxg5 Rxg5 37. Bxb6 Be5+ 38. Kh1 Bxc3 39. Bxc5 f6 40. Bg1
Be8 41. c5 Bxa4 42. c6 Be5 43. Bh2 Bxh2 44. Kxh2 Rg7 45. Rf4 1-0

[Event "Bay Area International"]
[Site "?"]
[Date "2019.01.04"]
[Round "5"]
[White "Abrahamyan, Tatev"]
[Black "Ringoir, Tanguy"]
[Result "1/2-1/2"]
[WhiteElo "2377"]
[BlackElo "2516"]
[PlyCount "36"]
[EventDate "2019.??.??"]
[SourceVersionDate "2019.01.04"]

1. e4 e5 2. Nf3 Nc6 3. Bc4 Bc5 4. O-O Nf6 5. d3 d6 6. c3 a6 7. Bb3 Ba7 8. Nbd2
O-O 9. h3 h6 10. Re1 Re8 11. Nf1 Be6 12. Bc2 d5 13. Qe2 b5 14. Rd1 Qe7 15. Ng3
d4 16. Bb3 Nd7 17. Bxe6 fxe6 18. Bd2 Rf8 1/2-1/2

[Event "Bay Area International"]
[Site "?"]
[Date "2019.01.04"]
[Round "5"]
[White "Ampie, Mauro"]
[Black "Free, Graham"]
[Result "0-1"]
[WhiteElo "2318"]
[BlackElo "2015"]
[PlyCount "106"]
[EventDate "2019.??.??"]
[SourceVersionDate "2019.01.04"]

1. e4 c6 2. d4 d5 3. exd5 cxd5 4. Bd3 Nc6 5. c3 Qc7 6. Ne2 Bg4 7. O-O e6 8. Qe1
Nf6 9. f3 Bh5 10. Qh4 h6 11. Qh3 e5 12. Ng3 Bg6 13. Bxg6 fxg6 14. Qe6+ Kd8 15.
dxe5 Nxe5 16. Bf4 Bd6 17. Bxe5 Bxe5 18. Qh3 Qb6+ 19. Rf2 Re8 20. Na3 Bd6 21.
Nc2 Qxb2 22. Rd1 Bc5 23. Nd4 Qxc3 24. Nge2 Qe3 25. Qg3 Rc8 26. Qf4 Qxf4 27.
Nxf4 Bxd4 28. Rxd4 Re1+ 29. Rf1 Rxf1+ 30. Kxf1 Rc2 31. a4 Rc4 32. Rxc4 dxc4 33.
Nxg6 Nd7 34. Ke2 Nc5 35. Ne5 Nxa4 36. Nxc4 Kd7 37. Ne3 Ke6 38. Kd3 b5 39. Kd4
a5 40. h4 h5 41. g4 g6 42. Nd5 b4 43. Nf4+ Kf7 44. gxh5 gxh5 45. Kc4 Nc3 46.
Nxh5 Ne2 47. Kd3 b3 48. f4 Kg6 49. f5+ Kxh5 50. Kd2 a4 51. f6 Kg6 52. Kxe2 b2
53. f7 Kxf7 0-1

[Event "Bay Area International"]
[Site "?"]
[Date "2019.01.04"]
[Round "5"]
[White "Anderson, Michael"]
[Black "Kondakov, Adrian"]
[Result "1-0"]
[WhiteElo "1751"]
[BlackElo "2018"]
[PlyCount "163"]
[EventDate "2019.??.??"]
[SourceVersionDate "2019.01.04"]

1. e4 e5 2. Nf3 Nc6 3. d4 exd4 4. Nxd4 Bc5 5. Nxc6 bxc6 6. Nc3 d6 7. Na4 Bb6 8.
Nxb6 axb6 9. Bd3 Qf6 10. O-O Ne7 11. Qe2 O-O 12. f4 Qd4+ 13. Kh1 Re8 14. c3 Qa4
15. b3 Qa5 16. c4 Nf5 17. Bd2 Qc5 18. Qf3 Nd4 19. Qf2 Nxb3 20. Be3 Qa3 21. axb3
Qxa1 22. Rxa1 Rxa1+ 23. Bf1 Rxe4 24. Kg1 c5 25. Qd2 Re8 26. Kf2 Bf5 27. Bd3
Bxd3 28. Qxd3 Re7 29. f5 Ra8 30. f6 Re6 31. fxg7 Rae8 32. Bd2 Kxg7 33. Bc3+ f6
34. g4 Kg8 35. Qf3 R8e7 36. h4 Re8 37. g5 fxg5 38. hxg5 h6 39. Qd5 c6 40. Qf5
Re2+ 41. Kf1 R2e6 42. Qg4 Rg6 43. Bf6 hxg5 44. Bb2 Rf8+ 45. Kg1 Kh7 46. Qd7+
Kg8 47. Qh3 Rgf6 48. Bxf6 Rxf6 49. Qc8+ Kg7 50. Qxc6 Kh6 51. Qxb6 Kg6 52. Qb7
Kh6 53. Qe4 Kg7 54. Kg2 Kh6 55. Kg3 Kg7 56. Qe7+ Kg6 57. Qb7 Kh6 58. Qe4 Kg7
59. Qe8 Kh6 60. Qg8 Kh5 61. Qh7+ Rh6 62. Qf7+ Rg6 63. Qe8 g4 64. Qf7 Kh6 65.
Qe7 Rg5 66. Qxd6+ Kg7 67. b4 cxb4 68. Qxb4 Kf7 69. Qb6 Rg6 70. Qc7+ Kf6 71.
Qc6+ Kf5 72. Qd5+ Kf6 73. c5 Ke7 74. Qe4+ Re6 75. Qb7+ Kd8 76. c6 Rxc6 77. Qxc6
Ke7 78. Kxg4 Kf7 79. Kg5 Ke7 80. Kf5 Kd8 81. Qb7 Ke8 82. Ke6 1-0